| 000 | 00000nam##2200000za#4500 |
| 001 | 9.643217 |
| 003 | CaOODSP |
| 005 | 20210624224052 |
| 007 | cr ||||||||||| |
| 008 | 150407|1987||||xxc|||||o f|0| 0 fre|d |
| 040 | |aCaOODSP|bfre |
| 043 | |an-cn--- |
| 086 | 1 |aEn40-204/6-1987F-PDF |
| 110 | 1 |aCanada.|bEnvironnement Canada. |bConservation et Protection. |
| 245 | 13|aLa gestion des déchets renfermant des BPC |h[ressource électronique] |
| 260 | |aOttawa - Ontario : |bEnvironnement Canada. |cMai 1987. |
| 300 | |a3p.|bphotographies |
| 500 | |aLe n° de catalogue (En40-204/6-1987) et l'ISBN (0-662-55090-0) de l'édition imprimée bilingue ont été copiés dans l'édition électronique. |
| 590 | |a14-21-Supp|b2014-12-11 |
| 691 | 07|aDéchets dangereux|2gcpds |
| 691 | 07|aGestion des déchets|2gcpds |
| 775 | 08|tManaging PCB wastes |w(CaOODSP)9.699180 |
| 856 | 40|ahttp://publications.gc.ca|qPDF|s385 Ko|uhttps://publications.gc.ca/collections/collection_2014/ec/En40-204-6-1987-fra.pdf |